MDQL
is popping MORE tags! Check the
thread
!
Quizzes
Events
Quiz Creation
Community
Videos
Private Events
Remove Ads
Sign In
Join for FREE
Feedback
Dark Mode
Quiz Categories
Sports
Geography
Music
Movies
Television
Just For Fun
Miscellaneous
History
Literature
Language
Science
Gaming
Entertainment
Religion
Holiday
For Kids
Quiz Lab
Recent
Popular Today
Quiz Kudos Today
Editor Picks
Curator Picks
Quizzes by...
Day
Popularity
Type
Ratings
Length
Year
Community
Subscriptions
Recent Discussions
Orange Saloon
Badges
Playlists
Quests
Create
Leaderboards
Showdown
Live 5
Trivia Bingo
Activity
Puzzle Library
Sporcle Events
Private Events
Virtual Trivia
Globe League
Become a Host
Pub Owners
SporcleCon
Opinionation
Our Games
Videos
Blog
Mobile Apps
Partnerships
Remove Ads and Go Orange
Feedback
Gaming
Video Games
Board Games
Card Games
Pokémon
Mario
Nintendo
Minecraft
Console
Toys
Legend of Zelda
Gaming
Video Games
Board Games
Card Games
Pokémon
Mario
Nintendo
Minecraft
Console
Toys
Legend of Zelda
Random Quiz
Search Sporcle
×
Quiz Lab
Quiz Lab
Gaming
Video Games
Type in answers that appear in a list
Type in answers that appear in a list
Classic
Best Score? Go Orange.
The 50 Hottest Video Game Female Characters Stats
Can you name the The 50 Hottest Video Game Female Characters
By
Bakilas
10m
50 Questions
474 Plays
474 Plays
474 Plays
Comments
Comments
Give Quiz Kudos
Give Quiz Kudos
-
- Ratings
hide this ad
Replay
Link that replays current quiz
Next Quiz
Link to next quiz in quiz playlist
You Got
0%
They Got
Avg Score
27%
Avg Friend Score
Upgrade to see
Score Distribution
Jump to the score distribution portion of the page
Score
0/50
Timer
10:00
0
Plays Today
Ranking
Character
% Correct
1
Lara Croft
93%
50
Princess Peach
81.2%
30
Princess Zelda
75.3%
24
Samus Aran
74.7%
5
Chun-Li
71.7%
2
Tifa Lockheart
68.8%
19
Bayonetta
66.5%
43
Jill Valentine
58.6%
4
Cammy
51.7%
3
Morrigan Aensland
40.3%
10
The D.O.A. Girls
39.9%
28
Ada Wong
38.2%
8
Mileena
38.2%
20
Yuna
37.6%
21
Aeris Gainsborough
35.4%
17
Rayne
34.4%
44
Alyx Vance
31.2%
16
Joanna Dark
29.7%
23
Trish
27.4%
9
Sheva Alomar
27%
7
Anna Williams
26.8%
22
Felicia
26.4%
13
Juliet Starling
25.5%
40
Miranda Lawson
24.3%
49
Chloe Frazer
23.6%
Ranking
Character
% Correct
42
Meryl Silverburgh
22.8%
32
Aya Brea
22.4%
18
Mai Shiranui
21.1%
6
Sophitia
21.1%
31
Sarah Morrison
19%
11
Rachel
15%
37
Fran
14.6%
33
Nova Terra
13.1%
12
Christie Monteiro
12.9%
47
Princess Daphne
10.1%
39
Candy Suxxx
9.7%
26
I-no
9.5%
35
Nariko
9.1%
48
Leah
6.8%
25
Trip
6.5%
38
Litchi Faye-Ling
5.3%
27
Hana & Rain
5.3%
29
Zoe Castillo
4.9%
45
Blood Elves
4%
46
Amber & Crystal Bailey
3.2%
36
Kaileena
3.2%
15
Alicia
3.2%
34
Shiki
2.7%
14
Tala
2.1%
41
Goddess Etain
1.1%
Quiz Playlist
Details
Report
Send in Message
Add To Playlist
Classic:
Type in answers that appear in a list
Quiz Source
Last Updated: May 20, 2017
Quiz Scoreboard
CHALLENGE
Sign Up to Join the Scoreboard
Show All
Scores
Hide
Comments
May contain spoilers
Recently Published
Street Fighter Characters
by Artimus82
Gaming
60s
9x9 Crossword: Cartoon Network
by jackfrog10
Miscellaneous
3m
College Basketball Coaching Resumes
by pancakes188
Sports
9m
More to Explore
Quiz From the Vault
Featured Blog Post
Where Did the Easter Bunny Come From?
hide this ad
You Might Also Like...
Tags
Video Games Quiz
hottest
Sexiest
Sexy
Video Game Characters
Women
Today's Top Quizzes in Gaming
Browse Gaming
hide this ad
Today's Top Quizzes in Video Games
Browse Video Games
Top Contributed Quizzes in Gaming
1
5-to-1: Consoles
2
7-to-1: Board Game Piece Blitz
3
5-to-1: Legend of Zelda
4
League of Legends Pro Players by Career/Team History
5
Destiny 2 exotic weapons by perk icons
6
Ultimate Genshin Impact Logic Puzzle (up to 4.3)
7
Franchise by Action Figure
8
Who's on the WWE 2K24 Cover?
9
Genshin Impact Logic Puzzle Quiz
10
Order the Pokémon Regions
Explore More
Trending Topics
Crossword
NBA
Kpop
Harry Potter
Marvel
Anime
Disney
NFL
Puzzle
The Office
Country
Soccer
Song
Pokémon
WWE
hide this ad
More By:
Bakilas
Quiz
Plays
Rating
Category
Featured
Created
Survivor Arrest Charges
1,461
4.13
Television
Oct 8, 2013
Members of the Suicide Squad
1,411
5.00
Entertainment
Jul 11, 2013
Rotten Tomato's 75 Best Horror Movies
1,181
4.24
Movies
Oct 17, 2013
Movie Deaths by Actor 2
693
4.67
Movies
Sep 9, 2013
WWE Arrest Charges
552
2.33
Sports
Jul 29, 2013
Go to Creator's Profile
Score Distribution
Quiz Creator Spotlight
Bakilas
Follow
Send a Message
Quizzes Created
-
Created Quiz Play Count
-
More By This Creator
Popular Quizzes Today
1
Find the US States - No Outlines Minefield
2
Find the Countries of Europe - No Outlines Minefield
3
The Countries of the World
4
Find the US States
5
Risky Map Clicking: Biggest States A-Z
6
US States
7
Popular People in 1961
8
Movies - When Are They Set?
More Gaming Quizzes
Sound Smart About: Chess
Published
Trending Quizzes
Risky Map Clicking: Least Populous States A-Z
Countries of the World: 200 Million BC
1-10 Letter G Words
Risky Map Clicking: Next State Alphabetically
Adjectives in 80s TV Shows
Recently Updated
Leaping Animals
pecheneg
Reality TV Shows (A-Z)
bhenderson79
Rickey Henderson's Hall of Fame Teammates
pecheneg
Champions League XIs: Arsenal
pecheneg
Quick Pick: Celebrities in WWE's Hall of Fame
aduchscher
A-Z Keypad Blitz II
pecheneg
Multiple Oscar Actors
pecheneg
Mystery Phrase Blitz: Oscar 'Best Actors'
pecheneg
F. Scott Fitzgerald Novels
LTH
Pick 3 Villains
ddd62291
Trending Topics
Harry Potter
Marvel
Anime
NBA
Disney
Kpop
Crossword
Song
The Office
NFL
Country
WWE
Pokémon
Soccer
Puzzle
Your Account Isn't Verified!
In order to create a playlist on Sporcle, you need to verify the email address you used during registration. Go to your
Sporcle Settings
to finish the process.
Report this User
Report this user for behavior that violates our
Community Guidelines
.
Details:
Send Report
Go to the Sporcle.com Mobile Site →
Comments